书目信息 |
| 题名: |
药物涂层球囊在心血管疾病中的应用
|
|
| 作者: | 季福绥 主编 | |
| 分册: | ||
| 出版信息: | 北京 人民卫生出版社 2015.10 |
|
| 页数: | 118页 | |
| 开本: | 25cm | |
| 丛书名: | ||
| 单 册: | ||
| 中图分类: | R54 | |
| 科图分类: | ||
| 主题词: | 药物--涂层--应用--心脏血管疾病--诊疗--研究 | |
| 电子资源: | ||
| ISBN: | 978-7-117-21346-2 | |
| 000 | 01086nam0 2200241 450 | |
| 001 | 0400002237 | |
| 005 | 20171020143725.0 | |
| 010 | @a978-7-117-21346-2@b精装@dCNY55.00 | |
| 100 | @a20160106e2015 em y0chiy50 ea | |
| 101 | 0 | @achi |
| 102 | @aCN@b110000 | |
| 105 | @aa z 000yy | |
| 106 | @ar | |
| 200 | 1 | @a药物涂层球囊在心血管疾病中的应用@9yao wu tu ceng qiu nang zai xin xue guan ji bing zhong de ying yong@b专著@f季福绥主编 |
| 210 | @a北京@c人民卫生出版社@d2015.10 | |
| 215 | @a118页@c图@d25cm | |
| 330 | @a本书全面介绍了紫杉醇药物涂层球囊的设计理念和技术特点、在冠心病支架内再狭窄、小血管病变及分叉病变、弥漫型病变治疗中的独特优势以及在外周血管疾病中的临床应用,详细介绍了药物涂层球囊的适应证和禁忌证、操作流程、应用技巧及注意事项,系统回顾了国内外临床应用状况及循证医学证据、最新国际指南、最新研究进展。 | |
| 510 | 1 | @aApplication of drug coated balloon in cardiovascular diseases@zeng |
| 606 | 0 | @a药物@x涂层@x应用@x心脏血管疾病@x诊疗@x研究 |
| 690 | @aR54@v5 | |
| 701 | 0 | @a季福绥@9ji fu sui@4主编 |
| 801 | 0 | @aCN@b91MARC@c20171020 |
| 905 | @b1026621-5@dR54@f5@e139 | |
| 药物涂层球囊在心血管疾病中的应用/季福绥主编.-北京:人民卫生出版社,2015.10 |
| 118页:图;25cm |
| ISBN 978-7-117-21346-2(精装):CNY55.00 |
| 本书全面介绍了紫杉醇药物涂层球囊的设计理念和技术特点、在冠心病支架内再狭窄、小血管病变及分叉病变、弥漫型病变治疗中的独特优势以及在外周血管疾病中的临床应用,详细介绍了药物涂层球囊的适应证和禁忌证、操作流程、应用技巧及注意事项,系统回顾了国内外临床应用状况及循证医学证据、最新国际指南、最新研究进展。 |
| ● |
| 相关链接 |
|
|
|
|
正题名:药物涂层球囊在心血管疾病中的应用
索取号:R54/139
 
预约/预借
| 序号 | 登录号 | 条形码 | 馆藏地/架位号 | 状态 | 备注 |
| 1 | 1026621 | 210266219 | 第二样本阅览室/ [索取号:R54/139] | 在馆 | |
| 2 | 1026622 | 210266228 | 密集书库-生命科学系/ [索取号:R54/139] | 在馆 | |
| 3 | 1026623 | 210266237 | 第三借阅区/ [索取号:R54/139] | 在馆 | |
| 4 | 1026624 | 210266246 | 第三借阅区/ [索取号:R54/139] | 在馆 | |
| 5 | 1026625 | 210266255 | 第三借阅区/ [索取号:R54/139] | 在馆 |